000
00316nam a22001457a 4500
008
230707b ||||| |||| 00| 0 eng d
020
_a
9781305647664
041
_a
eng
080
_2
EIGHTH EDITION
_a
34
082
_a
34DOW
100
_a
32
101
_a
JURE
245
_a
ON COURSE
_c
DOWNING S
942
_2
udc
_c
BK
999
_c
60130
_d
60130